• 首页
  • 本馆介绍
  • 公告通知
  • 最新文献
  • 馆藏检索
  • 电子资源
  • 读者导购
  • 参考咨询
  • 我的图书馆
  • 登录
  • 详细信息显示
  • 放入我的书架
  • 预约/预借图书
  • 作者相关作品
  • 分类相关作品
  • 丛书相关作品
  • 出版社相关作品

书目信息

  • 表格格式
  • 工作单格式
  • 卡片格式
题名:
领导思维方法
    
 
作者: 朱新国 , 朱佳林 , 张辛 , 陈安民 编著
分册:  
出版信息: 北京   经济科学出版社  1987
页数: 291页
开本: 20cm
丛书名:
单 册:
中图分类: C96
科图分类:
主题词: 人才学
电子资源:
ISBN: 7-5058-0048-5
000 00683nam0 2200253 45
001 0187000098
005 20050606095234.7
010    @a7-5058-0048-5@dCNY2.20
100    @a19900830d1987 em y0chiy0121 ea
101 0  @achi
102    @aCN@b110000
105    @ay z 000yy
200 10 @a领导思维方法@Aling dao si wei fang fa@f朱新国等编著@FZhu Xin Guo Deng Bian Zhu
210    @a北京@c经济科学出版社@d1987
215    @a291页@d20cm
606 0  @a人才学
690    @aC96@v3
701  0 @a朱新国@4编著
701  0 @a朱佳林@4编著
701  0 @a张辛@4编著
701  0 @a陈安民@4编著
801  0 @aCN@b深圳图书馆@c20050606
801  2 @aCN@bNLC@c20050606
905    @f1@b214778@dC96@e13
    
    领导思维方法/朱新国等编著.-北京:经济科学出版社,1987
    291页;20cm
    
    
    ISBN 7-5058-0048-5:CNY2.20
    
●
相关链接 在E读中查询图书 在五车中查询图书 在当当中查询图书 在豆瓣中查询图书


正题名:领导思维方法     索取号:C96/13         预约/预借

序号 登录号 条形码 馆藏地/架位号 状态 备注
1 0214778   001023083   第一样本阅览室/ [索取号:C96/13] 在馆    
唐山师范学院图书馆 欢迎您!
大连网信软件有限公司© 版权所有